Quizzes
Events
Quiz Creation
Community
Videos
Private Events
Remove Ads
Sign In
Join for FREE
Feedback
Dark Mode
Quiz Categories
Sports
Geography
Music
Movies
Television
Just For Fun
Miscellaneous
History
Literature
Language
Science
Gaming
Entertainment
Religion
Holiday
For Kids
Quiz Lab
Recent
Popular Today
Quiz Kudos Today
Editor Picks
Curator Picks
Quizzes by...
Day
Popularity
Type
Ratings
Length
Year
Community
Subscriptions
Recent Discussions
Orange Saloon
Badges
Playlists
Quests
Create
Leaderboards
Showdown
Live 5
Trivia Bingo
Activity
Puzzle Library
Sporcle Events
Private Events
Virtual Trivia
Globe League
Become a Host
Pub Owners
SporcleCon
Opinionation
Our Games
Videos
Blog
Mobile Apps
Partnerships
Remove Ads and Go Orange
Feedback
Sports
Athletes
MLB
NBA
NHL
NFL
Soccer
Sports Teams
WWE
NCAA
Football
Premier League
Basketball
Baseball
Hockey
Golf
Tennis
Cricket
Rugby
Auto Racing
Olympics
World Cup
Sports
Athletes
MLB
NBA
NHL
NFL
Soccer
Sports Teams
WWE
NCAA
Football
Premier League
Basketball
Baseball
Hockey
Golf
Tennis
Cricket
Rugby
Auto Racing
Olympics
World Cup
Random Quiz
Search Sporcle
×
Quiz Lab
Quiz Lab
Sports
rookie
Type in answers that appear in a list
Type in answers that appear in a list
Classic
Best Score? Go Orange.
Marlins Rookies by year Stats
Can you name the Marlins Rookies by year?
By
bark
20m
142 Questions
38 Plays
38 Plays
38 Plays
Comments
Comments
Give Quiz Kudos
Give Quiz Kudos
-
- Ratings
hide this ad
Replay
Link that replays current quiz
Next Quiz
Link to next quiz in quiz playlist
You Got
0%
They Got
Avg Score
17%
Avg Friend Score
Upgrade to see
Score Distribution
Jump to the score distribution portion of the page
Score
0/142
Timer
20:00
0
Plays Today
Year
Player
% Correct
1994
Charles Johnson
89.5%
2005
Josh Johnson
89.5%
2003
Miguel Cabrera
84.2%
2010
Mike Stanton
78.9%
2003
Dontrelle Willis
73.7%
2006
Dan Uggla
71.1%
1996
Luis Castillo
68.4%
1999
Juilo Ramirez
68.4%
2001
Josh Beckett
68.4%
2006
Anibal Sanchez
68.4%
1998
Jesus Sanchez
65.8%
1999
A.J. Burnett
65.8%
2008
Gaby Sanchez
65.8%
1998
Alex Gonzalez
57.9%
1998
Gabe Gonzalez
55.3%
2000
Brad Penny
52.6%
2006
Ricky Nolasco
52.6%
1996
Livan Hernandez
47.4%
2005
Jeremy Hermida
42.1%
1993
Nigel Wilson
39.5%
1996
Edgar Renteria
39.5%
2001
Kevin Olsen
39.5%
2005
Scott Olsen
39.5%
2005
Josh Wilson
39.5%
2004
Josh Willingham
36.8%
2010
Logan Morrison
36.8%
2009
Chris Coghlan
36.8%
2000
Chuck Smith
34.2%
1998
Ryan Dempster
28.9%
1998
Kevin Millar
28.9%
2008
John Baker
28.9%
2008
Chris Volstad
28.9%
1997
Antonio Alfonseca
26.3%
2002
Abraham Nunez
26.3%
2006
Reggie Abercrombie
26.3%
2006
Carlos Martinez
26.3%
2009
Christhian Martinez
26.3%
2010
Brad Davis
26.3%
2010
Osvaldo Martinez
26.3%
2010
Chris Hatcher
23.7%
2010
Scott Cousins
23.7%
1995
Quilvio Veras
21.1%
1996
Josh Booty
21.1%
2000
Pablo Ozuna
21.1%
1993
Trevor Hoffman
18.4%
1993
Scott Pose
18.4%
1994
Kurt Miller
18.4%
1997
Mark Kotsay
18.4%
Year
Player
% Correct
1998
Ryan Jackson
18.4%
1998
Mike Redmond
18.4%
2004
Matt Treanor
18.4%
2008
Jai Miller
18.4%
2009
Brett Hayes
18.4%
1993
Matt Turner
15.8%
1997
Todd Dunwoody
15.8%
2010
Steve Cishek
15.8%
1999
Ramon Castro
13.2%
2006
Renyel Pinto
13.2%
2006
Eric Reed
13.2%
2006
Taylor Tankersley
13.2%
2008
Burke Badenhop
13.2%
2010
Jose Ceda
13.2%
1996
Felix Heredia
10.5%
2010
Alex Sanabia
10.5%
2010
Bryan Peterson
10.5%
1995
Matt Mantei
7.9%
1997
Kirt Ojala
7.9%
1997
Tony Sanders
7.9%
1998
Dave Berg
7.9%
1998
Joe Fontenot
7.9%
1999
Amaury Garcia
7.9%
2003
Nate Bump
7.9%
2005
Robert Andino
7.9%
2006
Jose Garcia
7.9%
2007
Harvey Garcia
7.9%
2009
Tim Wood
7.9%
2010
Jhan Marinez
7.9%
1993
Carl Everett
5.3%
2002
Nate Robertson
5.3%
2003
Tommy Phelps
5.3%
2004
Chris Aguila
5.3%
2005
Joe Dillon
5.3%
2005
Chris Resop
5.3%
2007
Matt Lindstrom
5.3%
2008
Jesus Delgado
5.3%
2008
Ryan Tucker
5.3%
2009
Chris Leroux
5.3%
1993
Darrell Whitmore
2.6%
1995
Jay Powell
2.6%
1996
Joel Adamson
2.6%
1997
Rob Stanifer
2.6%
1997
Matt Whisenant
2.6%
1998
Brian Meadows
2.6%
1999
Armando Almanza
2.6%
1999
Chris Clapinski
2.6%
2000
Jason Grilli
2.6%
Year
Player
% Correct
2000
Joe Strong
2.6%
2001
Benito Baez
2.6%
2004
Logan Kensing
2.6%
2005
Randy Messenger
2.6%
2006
Yusmerio Petit
2.6%
2007
Daniel Barone
2.6%
2007
Alejando De Aza
2.6%
2007
Rick Vandenhurk
2.6%
2007
Ross Wolf
2.6%
2010
Jay Buente
2.6%
2010
James Houser
2.6%
2010
Adalberto Mendez
2.6%
2010
Sandy Rosario
2.6%
1993
John Johnstone
0%
1993
Mitch Lyden
0%
1994
Greg O' Halloran
0%
1994
Jesus Tavarez
0%
1995
Matt Dunbar
0%
1995
Mike Myers
0%
1995
Marc Valdes
0%
1996
Andy Larkin
0%
1996
Bill Hurst
0%
1996
Billy McMillon
0%
1996
Ralph Milliard
0%
1998
Vic Darensbourg
0%
1998
Brian Daubach
0%
1998
Rafael Medina
0%
1998
John Roskos
0%
1999
Hector Almonte
0%
1999
Brent Billingsley
0%
1999
Michael Tejada
0%
2000
Nate Rolison
0%
2001
Gary Knotts
0%
2001
Blaine Neal
0%
2002
Hansel Izquierdo
0%
2002
Nate Teut
0%
2002
Justin Wayne
0%
2004
Franklyn Gracesqui
0%
2005
Yorman Bazardo
0%
2005
Ryan Jorgensen
0%
2005
Jason Vargas
0%
2006
Jeff Fulchino
0%
2007
Brett Corroll
0%
2007
Chris Seddon
0%
2007
Mauro Zarate
0%
2010
Brett Sinkbeli
0%
Quiz Playlist
Details
Report
Send in Message
Add To Playlist
Classic:
Type in answers that appear in a list
Last Updated: Feb 16, 2017
Quiz Scoreboard
CHALLENGE
Sign Up to Join the Scoreboard
Show All
Scores
Hide
Comments
May contain spoilers
Recently Published
An Introduction to Baseball
by treessimontrees
Sports
5m
Movies - When Are They Set?
by FPL_Elf
Movies
5m
Popular People in 1961
by mucciniale
History
6m
More to Explore
Quiz From the Vault
Featured Blog Post
Where Did the Easter Bunny Come From?
hide this ad
You Might Also Like...
Tags
Miami Marlins
rookie
Today's Top Quizzes in Sports
Browse Sports
hide this ad
Today's Top Quizzes in rookie
Browse rookie
Top Contributed Quizzes in Sports
1
Les meilleurs buteurs des matchs entre le PSG et l’OM
2
2022 World Cup Stars
3
FIFA Club World Cup Champions
4
Les entraîneurs de l'OM et du PSG au 21e siècle
5
Name the Premier League winners with different clubs
6
La finale Lions - Afrique du Sud 2021
7
Les joueurs passés par le LOSC et le RC Lens
8
Criteria MLB: Left Handed Sluggers
9
Players with Multiple 50 Home Run Seasons
10
5-to-1: UK Sports Teams
Explore More
Trending Topics
Anime
Marvel
NBA
Disney
Kpop
Harry Potter
Crossword
Country
NFL
WWE
Soccer
The Office
Pokémon
Puzzle
Song
hide this ad
More By:
bark
Quiz
Plays
Rating
Category
Featured
Created
50 Greatest New York Mets
506
1.00
Sports
Oct 30, 2011
Toronto Blue Jays Best Hitter By Year
254
2.40
Sports
Aug 6, 2011
2002 MLB Standings
206
Sports
Apr 23, 2011
Mets Pitching Leaders By Decade
190
3.00
Sports
Jul 17, 2011
MLB The show cover althlets
181
1.00
Gaming
Apr 24, 2011
Go to Creator's Profile
Score Distribution
Quiz Creator Spotlight
bark
Follow
Send a Message
Quizzes Created
-
Created Quiz Play Count
-
More By This Creator
Popular Quizzes Today
1
Find the Countries of Europe - No Outlines Minefield
2
Find the US States - No Outlines Minefield
3
The Countries of the World
4
Popular People in 1961
5
US States
6
Find the US States
7
1-10 Letter E Words III
8
Risky Map Clicking: Biggest States A-Z
More Sports Quizzes
Sports Fathers and Sons
Published
Trending Quizzes
Risky Map Clicking: Least Populous States A-Z
1-10 Letter F Words
1-10 Letter G Words
One Thing in Common: United Kingdom
Not Quite an Element Typing Challenge
Recently Updated
Leaping Animals
pecheneg
Reality TV Shows (A-Z)
bhenderson79
Rickey Henderson's Hall of Fame Teammates
pecheneg
Champions League XIs: Arsenal
pecheneg
Quick Pick: Celebrities in WWE's Hall of Fame
aduchscher
A-Z Keypad Blitz II
pecheneg
Multiple Oscar Actors
pecheneg
Mystery Phrase Blitz: Oscar 'Best Actors'
pecheneg
F. Scott Fitzgerald Novels
LTH
Pick 3 Villains
ddd62291
Trending Topics
Crossword
Anime
Harry Potter
Marvel
Disney
Kpop
NBA
Song
The Office
NFL
Soccer
Country
Pokémon
Puzzle
WWE
Your Account Isn't Verified!
In order to create a playlist on Sporcle, you need to verify the email address you used during registration. Go to your
Sporcle Settings
to finish the process.
Report this User
Report this user for behavior that violates our
Community Guidelines
.
Details:
Send Report
Go to the Sporcle.com Mobile Site →
Comments